Η Στρατηγική και το Μάρκετινγκ της Φαρμακοβιομηχανίας στην Πώληση των ΜΗ.ΣΥ.ΦΑ. στα SUPER MARKET/Καταλληλότητα και Εμπορική Πολιτική (Record no. 8686)
[ view plain ]
| 000 -LEADER | |
|---|---|
| fixed length control field | 01395cam a22001814a 4500 |
| 005 - ΗΜΕΡΟΜΗΝΙΑ ΚΑΙ ΩΡΑ ΤΕΛΕΥΤΑΙΑΣ ΕΝΗΜΕΡΩΣΗΣ | |
| Πεδίο ελέγχου | 20250605164343.0 |
| 008 - FIXED-LENGTH DATA ELEMENTS--GENERAL INFORMATION | |
| Πεδίο ελέγχου σταθερού μήκους | 250528s ||||||||||||||||||||||||d |
| 035 ## - SYSTEM CONTROL NUMBER | |
| System control number | 23737 |
| 040 ## - ΠΗΓΗ ΚΑΤΑΛΟΓΟΓΡΑΦΗΣΗΣ | |
| Φορέας πρωτότυπης καταλογογράφησης | MC Athens Campus Library |
| Γλώσσα καταλογογράφησης | Ελληνικά, Μοντέρνα (1453-) |
| Modifying agency | MC Athens Campus Library |
| Κανόνες περιγραφικής καταλογογράφησης | AACR2 |
| 245 1# - ΤΙΤΛΟΣ ΚΑΙ ΔΗΛΩΣΗ ΥΠΕΥΘΥΝΟΤΗΤΑΣ | |
| Τίτλος | Η Στρατηγική και το Μάρκετινγκ της Φαρμακοβιομηχανίας στην Πώληση των ΜΗ.ΣΥ.ΦΑ. στα SUPER MARKET/Καταλληλότητα και Εμπορική Πολιτική |
| 260 ## - PUBLICATION, DISTRIBUTION, ETC. | |
| Date of publication, distribution, etc. | 2016 |
| 300 ## - PHYSICAL DESCRIPTION | |
| Extent | 99 |
| 520 ## - SUMMARY, ETC. | |
| Summary, etc. | Περίληψη, Ευχαριστίες, Εισαγωγή, Οργανωσιακό Πλαίσιο, Η Φαρμακευτική Αγορά Σήμερα, Κανάλια Διανομής Φαρμάκου, Ανάλυση Ανταγωνισμού, Διαφημιστικές Επενδύσεις, Στρατηγική και Συμμαχίες, Η Στρατηγική των Φαρμακοβιομηχανιών, Εναλλακτικές Συμμαχίες, Με Επίκεντρο των Καταναλωτή, Η Συμπεριφορά του Καταναλωτή, Ο Ρόλος του Φαρμακοποιού, Η Αναφορά του Κράτους, Ερευνητικό Μέρος, Διερεύνηση, Επίλογος, Συμπεράσματα. |
| 700 1# - ΠΡΟΣΘΕΤΗ ΑΝΑΓΡΑΦΗ--ΦΥΣΙΚΟ ΠΡΟΣΩΠΟ | |
| Personal name | Κυριαζόπουλος Βασίλειος |
| 9 (RLIN) | 9283 |
| 942 ## - ADDED ENTRY ELEMENTS (KOHA) | |
| Koha item type | Διπλωματική εργασία |
| Τύπος τεκμηρίου | Βιβλιοθήκη | Τρέχουσα τοποθεσία | Barcode | Ημερομηνία απόκτησης | Ταξιθετικό σύμβολο | Αριθμός αντιτύπου | Κατάσταση απόσυρσης | Κατάσταση χαμένου | Κατάσταση κατεστραμμένου | Μη δανεισμός | Σύνολο δανεισμών | Ημερομηνία τελευταίας εμφάνισης | Η τιμή ισχύει από |
|---|---|---|---|---|---|---|---|---|---|---|---|---|---|
| Διπλωματική εργασία | MC Athens Campus Library | MC Athens Campus Library | 9780000086853 | 05/06/2025 | BUS 2016 (3) | 1 | 05/06/2025 | 05/06/2025 |